Vereine der 1. Feldhockey-Bundesliga (Damen) - Statistiken

Allgemein
  • Dieses Quiz wurde 10 mal gespielt
    3 seit der letzten Aktualisierung
  • Das Durchschnittsergebnis liegt bei 8 aus 12
Antwortstatistiken
Antwort % Korrekt
Der Club an der Alster
100%
Münchner SC
100%
Berliner HC
67%
Bremer HC
67%
Düsseldorfer HC
67%
Harvestehuder THC
67%
Mannheimer HC
67%
Rot-Weiß Köln
67%
UHC Hamburg
67%
Club Raffelberg
33%
Großflottbeker THGC
33%
SC Frankfurt 1880
33%
Keine übereinstimmenden Quizze gefunden
Verteilung der Resultate
Anzahl Personen mit jedem Resultat
Perzentil nach korrekt beantworteten Fragen
Ihre Resultats-Entwicklung
Sie haben dieses Quiz seit der letzten Aktualisierung nicht gespielt